Les pokémons troisième génération en français (Hoenn, Rubis/Saphir/Emeraude) - Statistiques

Statistiques générales
  • Ce quiz a été pris 423 fois
  • Le résultat moyen est 83 sur 135
Statistiques - réponses
Hint Réponse % Correct
252 Arcko
96%
255 Poussifeu
96%
257 Braségali
94%
258 Gobou
92%
383 Groudon
92%
382 Kyogre
92%
256 Galifeu
91%
254 Jungko
91%
253 Massko
91%
260 Laggron
88%
384 Rayquaza
88%
259 Flobio
83%
263 Zigzaton
83%
386 Deoxys
81%
261 Medhyèna
80%
265 Chenipotte
79%
262 Grahyèna
79%
264 Linéon
78%
378 Regice
78%
380 Latias
77%
381 Latios
77%
377 Regirock
77%
379 Registeel
77%
266 Armulys
76%
267 Charmillon
76%
276 Nirondelle
76%
269 Papinox
76%
277 Hélédelle
75%
385 Jirachi
75%
268 Blindalys
74%
282 Gardevoir
74%
373 Drattak
73%
371 Draby
72%
280 Tarsal
72%
270 Nénupiot
71%
281 Kirlia
70%
279 Bekipan
69%
273 Grainipiot
69%
274 Pifeuil
69%
275 Tengalice
69%
310 Élecsprint
68%
278 Goélise
68%
272 Ludicolo
68%
376 Métalosse
68%
309 Dynavolt
67%
304 Galekid
67%
306 Galeking
67%
271 Lombre
67%
312 Négapi
67%
311 Posipi
67%
305 Galegon
66%
289 Monaflèmit
66%
338 Solaroc
66%
334 Altaria
65%
349 Barpau
65%
323 Camérupt
65%
375 Métang
65%
287 Parecool
65%
321 Wailord
65%
330 Libégon
64%
350 Milobellus
64%
337 Séléroc
64%
319 Sharpedo
64%
374 Terhal
64%
320 Wailmer
63%
328 Kraknoix
62%
322 Chamallot
61%
297 Hariyama
61%
333 Tylton
60%
288 Vigoroth
60%
285 Balignon
58%
354 Branette
58%
318 Carvanha
58%
286 Chapignon
58%
366 Coquiperl
58%
296 Makuhita
58%
372 Drakhaus
57%
336 Séviper
57%
355 Skelénox
56%
302 Ténéfix
56%
308 Charmina
55%
329 Vibraninf
55%
324 Chartor
54%
293 Chuchmur
54%
335 Mangriff
54%
363 Obalie
54%
367 Serpang
54%
299 Tarinor
54%
356 Téraclope
54%
357 Tropius
54%
345 Lilia
53%
365 Kaimorse
52%
348 Armaldo
51%
307 Méditikka
51%
362 Oniglali
51%
369 Relicanth
51%
368 Rosabyss
51%
359 Absol
50%
295 Brouhabam
50%
332 Cacturne
50%
292 Munja
50%
353 Polichombr
50%
294 Ramboum
50%
300 Skitty
50%
361 Stalgamin
50%
283 Arakdo
49%
331 Cacnea
49%
301 Delcatty
49%
291 Ninjask
49%
364 Phogleur
49%
347 Anorith
48%
290 Ningale
48%
343 Balbuto
47%
344 Kaorine
47%
315 Rosélia
47%
327 Spinda
47%
303 Mysdibule
46%
284 Maskadra
45%
352 Kecleon
44%
346 Vacylis
44%
317 Avaltout
43%
316 Gloupti
43%
314 Lumivole
43%
351 Morphéo
42%
313 Muciole
41%
298 Azurill
40%
358 Éoko
40%
325 Spoink
40%
370 Lovdisc
39%
341 Écrapince
38%
342 Colhomard
36%
326 Groret
35%
340 Barbicha
33%
360 Okéoké
33%
339 Barloche
30%
Aucun quiz correspondant
Distribution des résultats
% des personnes avec chaque résultat
Percentile par nombre de réponses
Votre historique - résultats
Vous n’avez pas pris ce quiz